000 00321nam a2200133Ia 4500
008 191201s2000 xx 000 0 und d
100 _aTARTAROTTI, Margaux
245 4 _aThe Fine Art of Dressing
250 _a1st
260 _aN.Delhi
_bPerigee Fashion
_c2000
300 _a214
650 _aB.Tech(TE)
942 _2ddc
_cBK
999 _c2589
_d2589